| 000 | 00501cam a22001454a 4500 | ||
|---|---|---|---|
| 020 | _a142440231X (pbk.) | ||
| 040 | _cDLC | ||
| 082 | 0 | 0 | _a333 PIS 2006 C148 Or. |
| 245 | 1 | 0 |
_a2006 First International Symposium on Environment Identities in Mediterranean Area : _bCorte-Ajaccio, France, 10-13 July 2006. |
| 260 |
_aPiscataway, NJ : _bIEEE, _cc2006. |
||
| 300 |
_a2 v. (ix, 631, 4 p.) : _bill. ; _c28 cm. |
||
| 500 | _a"IEEE catalog numer: 06EX2439." | ||
| 650 | 0 | _aEnvironmental sciences | |
| 942 | _cAEDBB | ||
| 999 |
_c18593 _d18593 |
||